Central Europe country reviews (Record no. 120704)
[ view plain ]
| 000 -LEADER | |
|---|---|
| fixed length control field | 00755cai a22001815a 4500 |
| 001 - CONTROL NUMBER | |
| control field | L145383 |
| 008 - FIXED-LENGTH DATA ELEMENTS--GENERAL INFORMATION | |
| fixed length control field | 081002u xxkad g s 000 0 eng d |
| 035 ## - SYSTEM CONTROL NUMBER | |
| System control number | (Sirsi) u145383 |
| 041 0# - LANGUAGE CODE | |
| Language code of text/sound track or separate title | eng |
| 110 2# - MAIN ENTRY--CORPORATE NAME | |
| Corporate name or jurisdiction name as entry element | Deloitte & Touche |
| 9 (RLIN) | 3702 |
| 245 00 - TITLE STATEMENT | |
| Title | Central Europe country reviews |
| Medium | [electronic resource] |
| 520 ## - SUMMARY, ETC. | |
| Summary, etc. | This section of the Deloitte website provides country snapshots which look briefly at the economic situation in each country and the companies that appear in the Deloitte Central Europe Top 500 ranking. Includes tables. |
| 590 ## - LOCAL NOTE (RLIN) | |
| Local note | KA |
| 651 #4 - SUBJECT ADDED ENTRY--GEOGRAPHIC NAME | |
| Geographic name | Europe |
| 690 ## - LOCAL SUBJECT ADDED ENTRY--TOPICAL TERM (OCLC, RLIN) | |
| Topical term or geographic name as entry element | PROPERTY-COMMERCIAL PROPERTY- COMMERCIAL PROPERTY MARKET |
| 856 40 - ELECTRONIC LOCATION AND ACCESS | |
| Uniform Resource Identifier | <a href="https://www.deloitte.com/">https://www.deloitte.com/</a> |
| Public note | View the reports free of charge at www.deloitte.com... |
| 942 ## - ADDED ENTRY ELEMENTS (KOHA) | |
| Suppress in OPAC | 0 |
| Withdrawn status | Lost status | Source of classification or shelving scheme | Damaged status | Not for loan | Home library | Current library | Shelving location | Date acquired | Total Checkouts | Full call number | Barcode | Date last seen | Copy number | Price effective from | Koha item type |
|---|---|---|---|---|---|---|---|---|---|---|---|---|---|---|---|
| Dewey Decimal Classification | Virtual | Virtual | Online | 02/10/2008 | ONLINE PUBLICATION | 145383-1001 | 06/08/2019 | 1 | 06/08/2019 | Online material |